| 000 | 00430nam a22001457a 4500 | ||
|---|---|---|---|
| 020 | _a9788131512555 | ||
| 040 | _cNUST | ||
| 082 | _a620.11 ASK | ||
| 100 |
_aAskeland, Donald R. _914727 |
||
| 110 |
_aFulay, Pradeep P. Bhattacharya, D.K. _9111990 |
||
| 245 | _aMaterials Science and Engineering | ||
| 260 |
_aNew Dehli: _bCengage Learning, _c2010. |
||
| 650 |
_aMaterials Science.Materials Engineering _957413 |
||
| 942 |
_2ddc _cBK |
||
| 999 |
_c594560 _d594560 |
||